Statistics for Countries with the Biggest Life Expectancy Gender Gap

Click here to take the quiz!

General Stats

  • This quiz has been taken 40 times
  • The average score is 10 of 18

Answer Stats

YearsCountry% Correct
11.6Russia
89%
9.8Ukraine
83%
11.5Belarus
75%
9.3Estonia
75%
9.0Kazakhstan
75%
9.6Latvia
75%
11.0Lithuania
75%
8.3Moldova
75%
8.5Mongolia
75%
7.9Kyrgyzstan
72%
8.0Georgia
69%
8.3Turkmenistan
67%
10.0Syria
47%
9.4Vietnam
28%
10.2Rwanda
17%
8.5Venezuela
14%
8.9Seychelles
6%
9.1El Salvador
3%

Score Distribution

Percentile by Number Answered

Percent of People with Each Score

Your Score History

You have not taken this quiz